La duquesa de Windsor : (Record no. 49873)
[ view plain ]
| 000 -LEADER | |
|---|---|
| campo de control de longitud fija | 00773nam a2200229 i 4500 |
| 001 - NÚMERO DE CONTROL | |
| campo de control | 49873 |
| 003 - IDENTIFICADOR DE NÚMERO DE CONTROL | |
| campo de control | ES-MaACL |
| 005 - FECHA Y HORA DE LA ÚLTIMA TRANSACCIÓN | |
| campo de control | 20250801154216.0 |
| 007 - CAMPO FIJO DE DESCRIPCIÓN FÍSICA--INFORMACIÓN GENERAL | |
| campo de control de longitud fija | t| |
| 008 - DATOS DE LONGITUD FIJA--INFORMACIÓN GENERAL | |
| campo de control de longitud fija | 030724s1957 sp ||||1| spa d |
| 080 ## - NÚMERO DE LA CLASIFICACIÓN DECIMAL UNIVERSAL | |
| Número de la Clasificación Decimal Universal | 929 Windsor, Wallis Warfield. Duchess of |
| 100 1# - ENTRADA PRINCIPAL--NOMBRE DE PERSONA | |
| Nombre de persona | Cramer, Heinz. |
| 9 (RLIN) | 41436 |
| 245 13 - MENCIÓN DEL TÍTULO | |
| Título | La duquesa de Windsor : |
| Resto del título | (un imperio por una mujer) / |
| Mención de responsabilidad, etc. | por Heinz Cramer ; [traducido del alemán por Manuel Scholz]. |
| 260 ## - PUBLICACIÓN, DISTRIBUCIÓN, ETC. | |
| Lugar de publicación, distribución, etc. | Barcelona : |
| Nombre del editor, distribuidor, etc. | AHR, |
| Fecha de publicación, distribución, etc. | 1957 ( |
| Fabricante | Estrada) |
| 300 ## - DESCRIPCIÓN FÍSICA | |
| Extensión | 336 p. ; |
| Dimensiones | 20 cm. |
| 490 1# - MENCIÓN DE SERIE | |
| Mención de serie | Historia y amor |
| 600 14 - PUNTO DE ACCESO ADICIONAL DE MATERIA--NOMBRE DE PERSONA | |
| Nombre de persona | Windsor, Wallis Warfield, |
| Títulos y otros términos asociados al nombre | Duchess of ( |
| Fechas asociadas al nombre | 1896-1986) |
| 9 (RLIN) | 174298 |
| 700 1# - ENTRADA AGREGADA--NOMBRE PERSONAL | |
| Nombre de persona | Scholz, Manuel. |
| 9 (RLIN) | 104641 |
| 830 10 - PUNTO DE ACCESO ADICIONAL DE SERIE-TÍTULO UNIFORME | |
| Título uniforme | Historia y amor |
| 9 (RLIN) | 182274 |
| 852 4# - LOCALIZACIÓN | |
| Ubicación | ES-MaACL |
| Número de control de estantería | C-13825 |
| Estatus retirado | Estado de pérdida | Estado de daño | No para préstamo | Biblioteca de origen | Biblioteca actual | Ubicación en estantería | Fecha de adquisición | Fuente de adquisición | Total de préstamos | Signatura topográfica completa | Código de barras | Visto por última vez | Precio de reemplazo | Tipo de ítem Koha |
|---|---|---|---|---|---|---|---|---|---|---|---|---|---|---|
| Biblioteca del Ateneo de Madrid | Biblioteca del Ateneo de Madrid | Sala Palomar | 17/01/2008 | C-13825 | 1052470 | 23/02/2023 | 23/02/2023 | Libro impreso |
